| 000 | 00787nam a2200253 a 4500 | ||
|---|---|---|---|
| 008 | |||
| 020 | _a0077078136 (cased) | ||
| 049 | _aMAIN | ||
| 090 | 0 | 1 |
_aTA654 _bBOL |
| 100 | 1 | _aBolton, Arthur. | |
| 245 | 1 | 0 |
_aStructural dynamics in practice : _ba guide for professional engineers / _cArthur Bolton. |
| 260 |
_aLondon : _bMcGraw-Hill, _cc1993. |
||
| 300 |
_ax, 340 p. : _bill. ; _c24 cm. |
||
| 440 | 0 | _aMcGraw-Hill international series in civil engineering. | |
| 504 | _aIncludes bibliographical references. | ||
| 500 | _aIncludes index. | ||
| 650 | 0 | _aStructural dynamics. | |
| 650 | 0 | _aVibration. | |
| 907 |
_a.b10122849 _b03-05-12 _c20-05-04 |
||
| 003 | |||
| 005 | 20230123133719.0 | ||
| 040 | _cNUST | ||
| 942 |
_cBOOKS _kTA654 _mBOL |
||
| 999 |
_c153374 _d153374 |
||